| 000 | 00385nam a2200145Ia 4500 | ||
|---|---|---|---|
| 008 | 210210b1992 xxu||||| |||| 00| 0 eng d | ||
| 082 | _a001.6442 TREI | ||
| 100 | _aTREMBLAY (Jean-Paul) & SORENSON (Paul G). | ||
| 245 | _aIntroduction to data structures with applications. | ||
| 250 | _a | ||
| 260 |
_aND _bTMB _c1992 |
||
| 300 | _a861 | ||
| 690 | _aComputer Science | ||
| 906 | _a047797 | ||
| 999 |
_c96641 _d96641 |
||